[Event "50th World U20 ch"]
[Site "Chennai IND"]
[Date "2011.08.12"]
[Round "10.22"]
[White "Vaibhav, Suri"]
[Black "Turqueza, Mari Joseph"]
[Result "1-0"]
[WhiteElo "2430"]
[BlackElo "2235"]
[EventDate "2011.08.02"]
[PlyCount "147"]

1.e4 c5 2.Nf3 g6 3.d4 cxd4 4.Nxd4 Nc6 5.c4 Nf6 6.Nc3 d6 7.f3 Nxd4 8.Qxd4 
Bg7 9.Be3 O-O 10.Qd2 a5 11.Na4 Nd7 12.Rd1 b6 13.Be2 Bb7 14.O-O Nc5 15.Nc3 
a4 16.Rc1 Bc6 17.Rfd1 Qd7 18.Rc2 Rfc8 19.Bf1 Rab8 20.Rb1 e5 21.Rd1 Rd8 22.
Qf2 Qc7 23.Nd5 Bxd5 24.cxd5 Qd7 25.Qe2 f5 26.Qb5 Qe7 27.Bd3 Rf8 28.Qb4 Bf6
29.exf5 Bg5 30.Bf2 gxf5 31.Re2 Qg7 32.Bc2 Qd7 33.Qe1 Kh8 34.b4 axb3 35.
axb3 Qf7 36.b4 Nd7 37.Bg3 Rfc8 38.Kh1 Rc7 39.Bd3 b5 40.Qf1 f4 41.Bf2 Nf6 
42.Red2 Nxd5 43.Bg6 Ne3 44.Bxf7 Nxf1 45.Rxf1 Rxf7 46.Rxd6 Be7 47.Rd7 Kg7 
48.Rb1 Kf6 49.Ra7 Bf8 50.Ra6+ Kg7 51.h4 Rf6 52.Ra7+ Rf7 53.Ra2 Rc7 54.Kh2 
Rbb7 55.Kh3 h5 56.Ra6 Rc2 57.Be1 Kh7 58.g4 hxg4+ 59.fxg4 e4 60.Rf6 Rd7 61.
g5 Rd3+ 62.Kg4 Bd6 63.Ra1 Bc7 64.Ra8 f3 65.Raf8 Rd7 66.Kh5 Kg7 67.Re8 Rc4 
68.Rg6+ Kh7 69.Rgg8 Rd5 70.Rg6 Rd7 71.Rh6+ Kg7 72.Reh8 Kf7 73.R8h7+ Ke8 
74.Re6+ 1-0

[Event "50th World U20 ch"]
[Site "Chennai IND"]
[Date "2011.08.12"]
[Round "10.24"]
[White "Abhishek, Kelkar"]
[Black "Petrisor, Adrian-Marian"]
[Result "1-0"]
[WhiteElo "2197"]
[BlackElo "2408"]
[EventDate "2011.08.02"]
[PlyCount "77"]

1.e4 c5 2.Nf3 d6 3.d4 cxd4 4.Nxd4 Nf6 5.Nc3 a6 6.Bg5 Nbd7 7.Qd2 e6 8.O-O-O
h6 9.Bxf6 Qxf6 10.g3 g5 11.f4 gxf4 12.gxf4 h5 13.Kb1 Nc5 14.Bg2 Bd7 15.Nf5
d5 16.Ne3 Qxf4 17.Rhf1 Qg5 18.Nexd5 Qxd2 19.Nf6+ Ke7 20.Rxd2 Bh6 21.Re2 
Rad8 22.e5 Bc8 23.b4 Nd7 24.Nfd5+ Kf8 25.Nc7 Nb6 26.Ref2 Rh7 27.Bxb7 Nc4 
28.Bxc8 Rxc8 29.Nxe6+ Ke7 30.Nc5 Rd8 31.N3e4 a5 32.e6 fxe6 33.Rf6 Rd4 34.
Rxe6+ Kd8 35.c3 Rd2 36.Ka1 Rxh2 37.Rd1+ Kc8 38.Rc6+ Rc7 39.Rxh6 1-0

[Event "50th World U20 ch"]
[Site "Chennai IND"]
[Date "2011.08.12"]
[Round "10.25"]
[White "Patil, Pratik"]
[Black "Shyam Nikil, P."]
[Result "0-1"]
[WhiteElo "2141"]
[BlackElo "2398"]
[EventDate "2011.08.02"]
[PlyCount "76"]

1.e4 c5 2.c3 d6 3.d4 Nf6 4.Bd3 Nc6 5.Ne2 e5 6.d5 Nb8 7.O-O Be7 8.a4 Nbd7 
9.Na3 O-O 10.Ng3 g6 11.Bh6 Re8 12.Qc1 Ng4 13.Bd2 h5 14.h3 Ngf6 15.Nc4 h4 
16.Ne2 Nh5 17.g4 hxg3 18.fxg3 Nb6 19.Nxb6 axb6 20.g4 Nf6 21.Ng3 Nh7 22.Kg2
Bh4 23.Be1 Bd7 24.b3 Rf8 25.Ne2 Bg5 26.Bd2 Bxd2 27.Qxd2 Qh4 28.Qe1 Qh6 29.
Qg3 f5 30.gxf5 Kh8 31.Kh2 gxf5 32.exf5 Rg8 33.Qf3 e4 34.Qxe4 Ng5 35.Qg4 
Rae8 36.Nf4 Re3 37.Be2 Nxh3 38.Qh5 Rxe2+ 0-1

[Event "50th World U20 ch"]
[Site "Chennai IND"]
[Date "2011.08.12"]
[Round "10.26"]
[White "Getz, Nicolai"]
[Black "Praneeth Surya, K."]
[Result "0-1"]
[WhiteElo "2385"]
[BlackElo "2036"]
[EventDate "2011.08.02"]
[PlyCount "116"]

1.d4 Nf6 2.c4 g6 3.Nc3 Bg7 4.Nf3 O-O 5.Bg5 c5 6.d5 d6 7.e3 Nbd7 8.Be2 a6 
9.a4 h6 10.Bh4 Nh7 11.Qc2 Rb8 12.O-O f5 13.Bg3 g5 14.Nd2 Ndf6 15.Rae1 Qe8 
16.f4 Nh5 17.Bd3 Nxg3 18.hxg3 Qh5 19.Nd1 Bd7 20.Nf2 b5 21.axb5 axb5 22.g4 
Qf7 23.gxf5 bxc4 24.Nxc4 gxf4 25.e4 Ng5 26.Nh3 Bd4+ 27.Kh2 f3 28.Rxf3 
Nxf3+ 29.gxf3 Bb5 30.b3 Bxc4 31.Bxc4 Kh8 32.f4 Rg8 33.Qe2 Ra8 34.Qf3 Qg7 
35.Bf1 Ra2+ 36.Re2 Rxe2+ 37.Bxe2 Kh7 38.Bf1 Qg4 39.Qd3 Kh8 40.b4 Bg1+ 41.
Kh1 c4 42.Qc3+ Rg7 43.e5 Bd4 44.Qxd4 Qf3+ 45.Kh2 Qxf1 46.Qe4 Qd3 47.Qxd3 
cxd3 48.Nf2 d2 49.Nd1 dxe5 50.fxe5 Rg5 51.b5 Rxf5 52.b6 Rf8 53.d6 exd6 54.
exd6 Rf7 55.Kg3 Kg8 56.Nc3 Kf8 57.Kg4 Ke8 58.Kh5 Rb7 0-1

[Event "50th World U20 ch"]
[Site "Chennai IND"]
[Date "2011.08.12"]
[Round "10.27"]
[White "Gahan, M. G."]
[Black "Swayams Mishra"]
[Result "1-0"]
[WhiteElo "2188"]
[BlackElo "2378"]
[EventDate "2011.08.02"]
[PlyCount "87"]

1.e4 e6 2.b3 d5 3.Bb2 Nf6 4.e5 Nfd7 5.c4 dxc4 6.Bxc4 c5 7.Nf3 Nc6 8.Qe2 
Nb6 9.O-O Nxc4 10.bxc4 b6 11.Nc3 Bb7 12.Ne4 Be7 13.Rfd1 Nd4 14.Nxd4 cxd4 
15.d3 O-O 16.a4 Bc6 17.Qg4 Kh8 18.Ng3 Bc5 19.Ne2 Qd7 20.Bxd4 Bxa4 21.Rd2 
Be7 22.Bc3 b5 23.Qd4 b4 24.Bb2 a5 25.Qe3 Bc6 26.d4 Qb7 27.Rad1 Rad8 28.Nf4
Bg5 29.d5 exd5 30.cxd5 Bxd5 31.Ng6+ hxg6 32.Qxg5 Kg8 33.Rd4 Rd7 34.e6 fxe6
35.Qxg6 Rf6 36.Qe8+ Rf8 37.Qg6 Qc6 38.Rxd5 Qb6 39.Bd4 Qc6 40.Rg5 Rff7 41.
h4 Qa4 42.Ra1 Qb3 43.Bxg7 Qd3 44.Qxe6 1-0

[Event "50th World U20 ch"]
[Site "Chennai IND"]
[Date "2011.08.12"]
[Round "10.28"]
[White "Cori Tello, Jorge"]
[Black "Kulkarni, Rakesh"]
[Result "1-0"]
[WhiteElo "2514"]
[BlackElo "2231"]
[EventDate "2011.08.02"]
[PlyCount "87"]

1.d4 Nf6 2.c4 c5 3.d5 b5 4.cxb5 a6 5.bxa6 Bxa6 6.Nc3 g6 7.e4 Bxf1 8.Kxf1 
d6 9.Nge2 Bg7 10.g3 Nbd7 11.Kg2 Qa5 12.h3 O-O 13.Qc2 Rfb8 14.Rb1 Ne8 15.
Bg5 Kf8 16.Qd2 Ne5 17.b3 Qa6 18.Bh6 Rb4 19.Bxg7+ Kxg7 20.f4 Nd7 21.Qe3 Nc7
22.Rhd1 Qb7 23.Kh2 Kg8 24.Rd2 Ra3 25.e5 Nb6 26.Rbd1 Ra8 27.h4 c4 28.exd6 
exd6 29.Ne4 cxb3 30.Nf6+ Kg7 31.Qc3 Na4 32.Nh5+ Kf8 33.Qg7+ Ke7 34.Qf6+ 
Kd7 35.Qxf7+ Kd8 36.Nf6 Na6 37.Qe8+ Kc7 38.Qe7+ Kb6 39.Qxd6+ Ka7 40.axb3 
Rb6 41.Qe5 N4c5 42.Nd4 Rf8 43.Nc6+ Ka8 44.b4 1-0

[Event "50th World U20 ch"]
[Site "Chennai IND"]
[Date "2011.08.12"]
[Round "10.29"]
[White "Stany, George Anthony"]
[Black "Gusain, Himal"]
[Result "1-0"]
[WhiteElo "2435"]
[BlackElo "2208"]
[EventDate "2011.08.02"]
[PlyCount "99"]

1.e4 c5 2.Nf3 e6 3.b3 b6 4.Bb2 Bb7 5.d3 d6 6.Nbd2 Nd7 7.g3 Ngf6 8.Bg2 Be7 
9.O-O O-O 10.Ne1 Qc7 11.f4 e5 12.Nef3 b5 13.Qe2 Rfe8 14.fxe5 dxe5 15.Nh4 
g6 16.Kh1 Rf8 17.Rf2 Ne8 18.Nhf3 Bf6 19.Raf1 Nd6 20.Bh3 Rae8 21.Qe3 Bc8 
22.Qh6 Bg7 23.Qh4 h6 24.Ne1 Nb6 25.c4 bxc4 26.dxc4 f5 27.exf5 gxf5 28.Nc2 
Qf7 29.Bg2 Qg6 30.Bf3 f4 31.Ne1 Nf5 32.Qh5 Qxh5 33.Bxh5 fxg3 34.Rxf5 Rxf5 
35.Bxe8 Bb7+ 36.Kg1 Rg5 37.h4 Rg4 38.Ng2 Bxg2 39.Kxg2 Rxh4 40.Kxg3 Rf4 41.
Kh3 Rxf1 42.Nxf1 Kf8 43.Bb5 Kf7 44.Ng3 Ke6 45.Ba3 Bf8 46.Kg4 Nd7 47.Bxd7+ 
Kxd7 48.Kf5 Kc6 49.Ne4 h5 50.Kg5 1-0

[Event "50th World U20 ch"]
[Site "Chennai IND"]
[Date "2011.08.12"]
[Round "10.30"]
[White "Hemant, Sharma"]
[Black "Debashis, Das"]
[Result "1-0"]
[WhiteElo "2247"]
[BlackElo "2396"]
[EventDate "2011.08.02"]
[PlyCount "83"]

1.e4 c5 2.Nc3 d6 3.g3 Nc6 4.Bg2 g6 5.d3 Bg7 6.Nge2 Nf6 7.O-O O-O 8.h3 Rb8 
9.Be3 b5 10.Qd2 b4 11.Nd1 a5 12.a3 Qc7 13.Bh6 Bxh6 14.Qxh6 Nd4 15.Nxd4 
cxd4 16.Qd2 Rb5 17.axb4 axb4 18.c4 Ra5 19.Rb1 Qb6 20.f4 Bb7 21.g4 Nd7 22.
g5 h6 23.h4 hxg5 24.hxg5 Kg7 25.Nf2 Rh8 26.Ng4 Bc8 27.Qf2 f6 28.f5 Rh5 29.
gxf6+ exf6 30.Qg3 Rg5 31.Qh4 Rh5 32.Qg3 g5 33.Kf2 Ra2 34.Bf3 Rh8 35.Rh1 
Qd8 36.Rxh8 Qxh8 37.Qxd6 Qf8 38.Qxd4 Nc5 39.e5 Bxf5 40.exf6+ Kf7 41.Ne5+ 
Ke6 42.Re1 1-0

[Event "50th World U20 ch"]
[Site "Chennai IND"]
[Date "2011.08.12"]
[Round "10.31"]
[White "Udeshi, Aditya"]
[Black "Lokesh, N."]
[Result "1-0"]
[WhiteElo "2378"]
[BlackElo "2090"]
[EventDate "2011.08.02"]
[PlyCount "77"]

1.e4 e5 2.Nf3 Nf6 3.Nxe5 d6 4.Nc4 Nxe4 5.Qe2 Qe7 6.Ne3 c6 7.c4 g6 8.g3 Bg7
9.Bg2 O-O 10.O-O Re8 11.Nc3 Nc5 12.Rd1 Ne6 13.Qf1 Na6 14.Ne2 Nd4 15.Nxd4 
Bxd4 16.Nc2 Qf6 17.Nxd4 Qxd4 18.h3 Bf5 19.d3 Nc5 20.Be3 Qxb2 21.Rab1 Qxa2 
22.g4 Bc8 23.d4 Ne4 24.Ra1 Qb3 25.Rdb1 Qc3 26.Rc1 Qb4 27.Qd3 d5 28.c5 Qb5 
29.Qc2 Qc4 30.Qb2 Qb5 31.Qa3 b6 32.Bf1 Qa5 33.Qb2 Qxa1 34.Rxa1 b5 35.Qb4 
Bb7 36.Qa5 Re7 37.Bd3 Rd7 38.f3 Nf6 39.Bg5 1-0

[Event "50th World U20 ch"]
[Site "Chennai IND"]
[Date "2011.08.12"]
[Round "10.32"]
[White "Gagare, Shardul"]
[Black "Priyadharshan, Kannappan"]
[Result "1/2-1/2"]
[WhiteElo "2223"]
[BlackElo "2376"]
[EventDate "2011.08.02"]
[PlyCount "127"]

1.c4 c5 2.g3 Nf6 3.Bg2 d5 4.cxd5 Nxd5 5.Nc3 Nc7 6.Nf3 Nc6 7.O-O e5 8.a3 f6
9.Rb1 Rb8 10.d3 Be7 11.Be3 Ne6 12.Nd2 O-O 13.Nd5 f5 14.b4 cxb4 15.Nxb4 
Bxb4 16.axb4 f4 17.Bc5 Nxc5 18.bxc5 Bd7 19.e3 Kh8 20.Ne4 b6 21.cxb6 axb6 
22.h4 h6 23.Qe2 Ne7 24.d4 fxg3 25.fxg3 Nf5 26.d5 Qe7 27.Rf2 Qa3 28.Rbf1 
Kg8 29.Qg4 Qxe3 30.Kh2 h5 31.Qg6 Qh6 32.Qg5 Qxg5 33.Nxg5 Ne3 34.Rxf8+ Rxf8
35.Re1 Ng4+ 36.Kg1 b5 37.d6 g6 38.Bd5+ Kh8 39.Nf7+ Kg7 40.Nxe5 Re8 41.Nd3 
Rxe1+ 42.Nxe1 Nf6 43.Bf3 Ne8 44.Kf2 Nxd6 45.Ke3 Nf5+ 46.Kf4 Kf6 47.Nc2 Be6
48.Bc6 Bc4 49.Nb4 Nd4 50.Be8 Ne6+ 51.Ke4 Ng7 52.Bc6 Nf5 53.Kf4 Nd4 54.Be8 
Ne2+ 55.Kf3 Nc3 56.Kf4 Be6 57.Bc6 Ne2+ 58.Kf3 Nd4+ 59.Ke4 Nf5 60.Kf4 Nd6 
61.Bf3 Nf5 62.Bc6 Bc4 63.Bd7 Nd4 64.Ke4 1/2-1/2

[Event "50th World U20 ch"]
[Site "Chennai IND"]
[Date "2011.08.12"]
[Round "10.34"]
[White "Artemenko, Oleg"]
[Black "Shreyans Shah, K."]
[Result "1/2-1/2"]
[WhiteElo "2341"]
[BlackElo "2203"]
[EventDate "2011.08.02"]
[PlyCount "80"]

1.d4 e6 2.c4 f5 3.g3 Nf6 4.Bg2 c6 5.Nf3 d5 6.O-O Bd6 7.Qc2 O-O 8.b3 Qe7 9.
Ne5 Nbd7 10.Bb2 Rd8 11.Nd2 Ne4 12.Ndf3 Ndf6 13.Nd3 b6 14.Nfe5 Bb7 15.f3 
Ng5 16.c5 bxc5 17.Nxc5 Bxc5 18.dxc5 Nf7 19.Nxf7 Qxf7 20.e4 Ba6 21.Rfd1 
fxe4 22.Bxf6 Qxf6 23.fxe4 d4 24.Rac1 e5 25.Bf1 Bxf1 26.Rxf1 Qe6 27.Qd3 Rf8
28.Qc4 Qxc4 29.Rxc4 Rad8 30.Rxf8+ Rxf8 31.Kg2 Rf7 32.Rb4 Kf8 33.Rb8+ Ke7 
34.Ra8 Ke6 35.Re8+ Kd7 36.Ra8 Ke6 37.Rc8 Kd7 38.Ra8 Ke6 39.Rh8 Kd7 40.Ra8 
Ke6 1/2-1/2

[Event "50th World U20 ch"]
[Site "Chennai IND"]
[Date "2011.08.12"]
[Round "10.36"]
[White "Rojas Alarcon, Julian Antonio"]
[Black "Visakh, N. R."]
[Result "1-0"]
[WhiteElo "2291"]
[BlackElo "2042"]
[EventDate "2011.08.02"]
[PlyCount "83"]

1.e4 c5 2.Nf3 d6 3.d4 cxd4 4.Nxd4 Nf6 5.Nc3 a6 6.f4 e5 7.Nf3 Qc7 8.a4 Be7 
9.Bd3 Nbd7 10.O-O b6 11.Qe2 Bb7 12.Bd2 O-O 13.Kh1 Rfe8 14.Rae1 Bf8 15.Qf2 
exf4 16.Bxf4 Nc5 17.Qh4 Ncxe4 18.Nxe4 Bxe4 19.Rxe4 Nxe4 20.Bxe4 Rxe4 21.
Ng5 h6 22.Nxe4 Qxc2 23.Bxd6 Qxb2 24.Qf4 Qb3 25.Bxf8 Rxf8 26.Nd6 Qe6 27.h3 
Qg6 28.Rf3 Qe6 29.Nf5 Kh7 30.Qd4 f6 31.Qd3 g6 32.Ne3 a5 33.Ng4 Rf7 34.Qd2 
g5 35.Qd3+ Kg7 36.Re3 Qc6 37.Re1 Qxa4 38.Ne3 Qd7 39.Nf5+ Kh8 40.Qf3 Kh7 
41.Qh5 a4 42.Nxh6 1-0

[Event "50th World U20 ch"]
[Site "Chennai IND"]
[Date "2011.08.12"]
[Round "10.37"]
[White "Botta, Gabriele"]
[Black "Akash Iyer, P. C."]
[Result "1-0"]
[WhiteElo "2261"]
[BlackElo "2069"]
[EventDate "2011.08.02"]
[PlyCount "153"]

1.e4 e5 2.Nf3 Nc6 3.Bb5 a6 4.Ba4 Nf6 5.O-O Be7 6.Re1 b5 7.Bb3 d6 8.c3 O-O 
9.h3 Na5 10.Bc2 c5 11.d3 Qc7 12.Nbd2 Re8 13.Nf1 g6 14.Bg5 Nh5 15.b4 cxb4 
16.cxb4 Nc6 17.Bb3 Be6 18.Rc1 Qd7 19.Bxe7 Nxe7 20.d4 exd4 21.Nxd4 Bxb3 22.
Qxb3 Rac8 23.Ne3 Nf6 24.Rxc8 Rxc8 25.Nf3 Qe6 26.Qb2 Nc6 27.Rc1 Ne7 28.
Rxc8+ Nxc8 29.e5 dxe5 30.Nxe5 Nb6 31.Qd4 h5 32.Nd3 Nbd7 33.a3 Qe4 34.Qc3 
Qb7 35.Ne5 Nxe5 36.Qxe5 Nd7 37.Qd6 Nb6 38.g4 Kh7 39.gxh5 Nc4 40.hxg6+ fxg6
41.Qf4 Nxe3 42.Qxe3 Qd5 43.Qc5 Qf3 44.Qa7+ Kg8 45.Qxa6 Qxh3 46.Qxg6+ Kf8 
47.Qf6+ Ke8 48.Qe5+ Kd8 49.Qg3 Qf5 50.Kg2 Qe4+ 51.f3 Qd3 52.f4 Qc2+ 53.Kh3
Kc8 54.Qg4+ Kb8 55.f5 Ka7 56.Kh4 Qh2+ 57.Kg5 Qd2+ 58.Kg6 Qd8 59.Kh7 Qd3 
60.Qg7+ Ka8 61.Kg8 Qxa3 62.f6 Qb3+ 63.f7 Kb7 64.Qg2+ Kc7 65.Qh2+ Kd7 66.
Qe5 Qa2 67.Qxb5+ Ke7 68.Qe5+ Kd7 69.Kf8 Qg2 70.Qe7+ Kc8 71.b5 Qh3 72.Qc5+ 
Kd7 73.Qd4+ Kc8 74.Ke7 Qa3+ 75.Ke8 Qb3 76.Qd7+ Kb8 77.f8=Q 1-0

[Event "50th World U20 ch"]
[Site "Chennai IND"]
[Date "2011.08.12"]
[Round "10.39"]
[White "Soares, Erikson"]
[Black "Ly, Moulthun"]
[Result "0-1"]
[WhiteElo "2181"]
[BlackElo "2369"]
[EventDate "2011.08.02"]
[PlyCount "82"]

1.d4 Nf6 2.c4 g6 3.Nc3 Bg7 4.e4 d6 5.f3 O-O 6.Be3 c5 7.dxc5 dxc5 8.Qxd8 
Rxd8 9.Bxc5 Nc6 10.Rd1 Rxd1+ 11.Kxd1 Nd7 12.Ba3 Bxc3 13.bxc3 Nde5 14.f4 
Ng4 15.Nh3 Ne3+ 16.Kd2 Nxf1+ 17.Rxf1 Be6 18.Rb1 Rd8+ 19.Ke3 Rd7 20.Bc5 
Bxc4 21.Nf2 b6 22.Bd4 Bxa2 23.Ra1 Bc4 24.g4 f6 25.e5 Kf7 26.h4 Ke6 27.Ne4 
Bd5 28.f5+ gxf5 29.gxf5+ Kxf5 30.Rf1+ Kg6 31.exf6 e5 32.h5+ Kxh5 33.Bxe5 
Nxe5 34.Rf5+ Kg6 35.Rxe5 Bxe4 36.Kxe4 Kxf6 37.Rh5 Kg6 38.Rh2 Rc7 39.Rg2+ 
Kf6 40.Rf2+ Ke6 41.Kd4 h5 0-1

[Event "50th World U20 ch"]
[Site "Chennai IND"]
[Date "2011.08.12"]
[Round "10.41"]
[White "Prince, Bajaj"]
[Black "Sochacki, Wojtek"]
[Result "1/2-1/2"]
[WhiteElo "2146"]
[BlackElo "2316"]
[EventDate "2011.08.02"]
[PlyCount "70"]

1.e4 g6 2.d4 Nf6 3.Nc3 d5 4.e5 Ne4 5.Nxe4 dxe4 6.Ne2 c5 7.dxc5 Qxd1+ 8.
Kxd1 Nc6 9.Be3 Bg7 10.Ng3 Bxe5 11.Nxe4 Bxb2 12.Rb1 Bd4 13.Bc4 Bxe3 14.fxe3
O-O 15.Kc1 Na5 16.Bd5 a6 17.Rf1 Kg7 18.Rb4 f5 19.Ra4 Nc6 20.Bxc6 bxc6 21.
Nd2 Rd8 22.Nc4 Be6 23.Nb6 Ra7 24.e4 h5 25.e5 g5 26.h4 g4 27.g3 Kg6 28.a3 
Rf8 29.Kd2 Bd5 30.Ke3 Bf3 31.Rd4 a5 32.a4 f4+ 33.Rxf4 Rxf4 34.Kxf4 e6 35.
Rf2 Rf7+ 1/2-1/2

[Event "50th World U20 ch"]
[Site "Chennai IND"]
[Date "2011.08.12"]
[Round "10.42"]
[White "Tomazini, Zan"]
[Black "Lokesh, P."]
[Result "1/2-1/2"]
[WhiteElo "2288"]
[BlackElo "2194"]
[EventDate "2011.08.02"]
[PlyCount "125"]

1.e4 c5 2.c3 d5 3.exd5 Qxd5 4.d4 Nf6 5.Nf3 Bg4 6.Nbd2 Nc6 7.Bc4 Bxf3 8.Qb3
Na5 9.Qb5+ Qd7 10.Nxf3 Nxc4 11.Qxc4 cxd4 12.Nxd4 e6 13.Bg5 Rc8 14.Qe2 Be7 
15.O-O-O Qd5 16.Bxf6 Bxf6 17.Nb5 Qg5+ 18.Kb1 O-O 19.Nd6 Rcd8 20.Qe4 Rb8 
21.h4 Qc5 22.Qf3 Be7 23.Ne4 Qc6 24.h5 h6 25.g4 Rbd8 26.Qe3 f5 27.gxf5 exf5
28.Ng3 Bc5 29.Qe2 Rde8 30.Qc4+ Kh8 31.Qf4 Bb6 32.Rd6 Bc7 33.Rxc6 Bxf4 34.
Rc5 Bxg3 35.fxg3 Rf7 36.Rf1 Ref8 37.Rf4 Kh7 38.Kc2 g6 39.hxg6+ Kxg6 40.Rd5
Re8 41.b4 h5 42.Kd2 Re6 43.a4 a6 44.c4 Rfe7 45.Rfxf5 Re2+ 46.Kd3 R7e3+ 47.
Kd4 Rxg3 48.Rxh5 Rg4+ 49.Kd3 Ra2 50.Kc3 Rg3+ 51.Kd4 Rg4+ 52.Kc5 Rc2 53.Kb6
Rcxc4 54.a5 Rxb4+ 55.Ka7 Rgd4 56.Rdg5+ Kf6 57.Rg8 Rd7 58.Rh6+ Kf7 59.Rg5 
b6+ 60.Kxa6 bxa5 61.Rh7+ Kf6 62.Rxd7 Kxg5 63.Kxa5 1/2-1/2

[Event "50th World U20 ch"]
[Site "Chennai IND"]
[Date "2011.08.12"]
[Round "10.43"]
[White "Das, Sayantan"]
[Black "Karma, Pandya"]
[Result "1-0"]
[WhiteElo "2246"]
[BlackElo "2136"]
[EventDate "2011.08.02"]
[PlyCount "107"]

1.e4 e6 2.d4 d5 3.Nc3 Nf6 4.Bg5 Bb4 5.e5 h6 6.Bd2 Bxc3 7.bxc3 Ne4 8.Bd3 
Nxd2 9.Qxd2 c5 10.Nf3 Nd7 11.O-O c4 12.Be2 Qa5 13.Ne1 Nb6 14.f4 Bd7 15.g4 
O-O-O 16.f5 Qa3 17.Ng2 Na4 18.Rf3 h5 19.g5 exf5 20.Nf4 g6 21.Rb1 Be6 22.h4
a6 23.Re3 b5 24.Bf3 Kc7 25.Kh2 Kc6 26.Kg3 Rd7 27.Kh2 Nb6 28.Kg3 Nc8 29.
Ree1 Ne7 30.Kf2 Rb8 31.Kg3 Rdb7 32.Re3 a5 33.Qe1 Qa4 34.Qe2 Rd7 35.Rb2 Qa3
36.Rb1 Kc7 37.Qe1 Kd8 38.Kf2 Qa4 39.Qc1 Nc6 40.Bxh5 Ne7 41.Bf3 Kc7 42.h5 
gxh5 43.Bxh5 Rh8 44.Rg3 Rdd8 45.Rg2 Kd7 46.Kg1 Rb8 47.Qe3 Qxa2 48.Qe1 b4 
49.Bxf7 bxc3 50.Bxe6+ Kc7 51.Ra1 Qb2 52.g6 Qb6 53.Rd1 Rh6 54.g7 1-0

[Event "50th World U20 ch"]
[Site "Chennai IND"]
[Date "2011.08.12"]
[Round "10.45"]
[White "Srinath, Narayanan"]
[Black "Surendran, N."]
[Result "0-1"]
[WhiteElo "2371"]
[BlackElo "2187"]
[EventDate "2011.08.02"]
[PlyCount "54"]

1.e4 c5 2.Nf3 d6 3.d4 cxd4 4.Nxd4 Nf6 5.Nc3 a6 6.h3 e6 7.g4 Be7 8.Bg2 Nfd7
9.g5 Nc6 10.h4 Rb8 11.Be3 O-O 12.Qe2 Nxd4 13.Bxd4 b5 14.O-O Qc7 15.a3 Bb7 
16.Qg4 Ne5 17.Qg3 Nc4 18.Nd1 Nd2 19.Re1 f5 20.exf5 Bxg2 21.Qxg2 Rxf5 22.f4
Rxf4 23.Qxd2 Rg4+ 24.Kh2 Rf8 25.Kh3 Rff4 26.Bf2 Qc6 27.Bg3 Rxg3+ 0-1

[Event "50th World U20 ch"]
[Site "Chennai IND"]
[Date "2011.08.12"]
[Round "10.47"]
[White "Aaron, Deepak"]
[Black "Vasli, Aref"]
[Result "0-1"]
[WhiteElo "2288"]
[BlackElo "2181"]
[EventDate "2011.08.02"]
[PlyCount "130"]

1.e4 e5 2.Nf3 Nc6 3.d4 exd4 4.Nxd4 Qh4 5.Nc3 Bb4 6.Be2 Qxe4 7.Nb5 Bxc3+ 8.
bxc3 Kd8 9.O-O a6 10.Nd4 Nge7 11.Bg5 Nxd4 12.cxd4 Qg6 13.Bf4 d6 14.Re1 Nd5
15.Bd2 Nf6 16.c4 Bg4 17.Qb3 Rb8 18.c5 Be6 19.Qa3 Bd5 20.f3 Nd7 21.Bd3 Qf6 
22.cxd6 Qxd6 23.Bb4 Qf4 24.Be7+ Kc8 25.Rac1 Re8 26.Be4 Qd2 27.Red1 Qxa2 
28.Rxc7+ Kxc7 29.Rc1+ Kb6 30.Bc5+ Kc7 31.Ba7+ Kd8 32.Qd6 Re6 33.Qc7+ Ke8 
34.Bxb8 Bxe4 35.Qc8+ Ke7 36.Bc7 Kf6 37.fxe4 Qa4 38.Bd8+ Kg6 39.Qc3 h6 40.
e5 Kh7 41.Rf1 Kg8 42.Kh1 Re8 43.Bc7 Rc8 44.d5 Nxe5 45.Qxe5 Qc4 46.Qf5 Qxc7
47.d6 g6 48.Qf6 Qd7 49.Re1 Rd8 50.h4 h5 51.Re4 b5 52.g4 Rc8 53.Kg2 Rc2+ 
54.Kf1 Qc6 55.Qd4 Rc1+ 56.Kf2 Rc4 57.d7 Rxd4 58.Rxd4 Qf6+ 59.Ke3 Qd8 60.
gxh5 gxh5 61.Ke4 Qxh4+ 62.Kd5 Qd8 63.Kc6 Kf8 64.Rd5 Qa8+ 65.Kd6 Qxd5+ 0-1

[Event "50th World U20 ch"]
[Site "Chennai IND"]
[Date "2011.08.12"]
[Round "10.48"]
[White "Kozganbaev, Erken"]
[Black "Debashish, Dutta"]
[Result "1-0"]
[WhiteElo "2284"]
[BlackElo "2127"]
[EventDate "2011.08.02"]
[PlyCount "66"]

1.c4 Nf6 2.Nc3 g6 3.g3 Bg7 4.Bg2 c5 5.e3 O-O 6.Nge2 Nc6 7.O-O d6 8.d4 cxd4
9.exd4 Bf5 10.h3 h5 11.Be3 a6 12.Qd2 Rc8 13.Rac1 Kh7 14.b3 Qa5 15.d5 Nb8 
16.Nd4 Bd7 17.Rfe1 Rfe8 18.Bf1 b5 19.cxb5 axb5 20.Ndxb5 Na6 21.a3 Nc7 22.
b4 Qa8 23.Nxc7 Rxc7 24.Bd4 Bh6 25.f4 Qxa3 26.b5 Qa8 27.b6 Rb7 28.Ra1 Qd8 
29.Qf2 Bf5 30.Ra7 Rxa7 31.bxa7 Bg7 32.Ra1 Qa8 33.Bb5 Rc8 1-0

[Event "50th World U20 ch"]
[Site "Chennai IND"]
[Date "2011.08.12"]
[Round "10.49"]
[White "Sidhant, Mohapatra"]
[Black "Ashwath, R."]
[Result "1/2-1/2"]
[WhiteElo "2155"]
[BlackElo "2259"]
[EventDate "2011.08.02"]
[PlyCount "60"]

1.e4 e5 2.Nf3 Nc6 3.Bb5 a6 4.Ba4 d6 5.Bxc6+ bxc6 6.d4 exd4 7.Qxd4 c5 8.Qd3
Nf6 9.O-O Be7 10.e5 dxe5 11.Qxd8+ Bxd8 12.Nxe5 Bf5 13.Be3 Be7 14.Nc3 Bd6 
15.Nc4 Bxc2 16.Rac1 Bd3 17.Nxd6+ cxd6 18.Rfd1 c4 19.Bg5 O-O 20.b3 Rac8 21.
Bxf6 gxf6 22.Nd5 Kg7 23.Nb6 Rc6 24.Nxc4 Bxc4 25.Rxc4 Rxc4 26.bxc4 Rc8 27.
Rxd6 Rxc4 28.g3 Ra4 29.Rd2 Kg6 30.Kg2 Ra5 1/2-1/2

[Event "50th World U20 ch"]
[Site "Chennai IND"]
[Date "2011.08.12"]
[Round "10.50"]
[White "Dusthageer, Ibrahim M."]
[Black "Santos, Hugo Lima"]
[Result "1-0"]
[WhiteElo "2212"]
[BlackElo "2078"]
[EventDate "2011.08.02"]
[PlyCount "111"]

1.e4 e6 2.d4 d5 3.Nc3 Nf6 4.Bg5 Be7 5.e5 Nfd7 6.Bxe7 Qxe7 7.f4 O-O 8.Nf3 
c5 9.Nb5 Nc6 10.c3 c4 11.Be2 Rb8 12.O-O a6 13.Nd6 Nb6 14.b3 Na5 15.Nd2 Bd7
16.bxc4 Nbxc4 17.N2xc4 Nxc4 18.Nxc4 dxc4 19.Bxc4 Rfc8 20.Qb3 Rxc4 21.Qxc4 
Bb5 22.Qb3 Bxf1 23.Rxf1 g6 24.c4 Rc8 25.Rd1 Qh4 26.g3 Qg4 27.Rd2 g5 28.Rf2
b5 29.cxb5 axb5 30.Qxb5 Qd1+ 31.Kg2 g4 32.Qe2 Rc1 33.Qxd1 Rxd1 34.h3 h5 
35.hxg4 hxg4 36.a4 Ra1 37.f5 Rxa4 38.fxe6 fxe6 39.Rf4 Ra2+ 40.Kf1 Ra1+ 41.
Ke2 Ra2+ 42.Kd1 Rg2 43.Rxg4+ Kf7 44.Ke1 Ke7 45.Kf1 Rd2 46.Rf4 Ra2 47.g4 
Ra8 48.Kf2 Kd7 49.Kg3 Rh8 50.g5 Kc6 51.g6 Rh1 52.Rg4 Kd5 53.g7 Rc1 54.g8=Q
Rc3+ 55.Kh4 Rc8 56.Qh7 1-0

[Event "50th World U20 ch"]
[Site "Chennai IND"]
[Date "2011.08.12"]
[Round "10.51"]
[White "Manigandan, S. S."]
[Black "Kathmale, Sameer"]
[Result "1-0"]
[WhiteElo "2109"]
[BlackElo "2211"]
[EventDate "2011.08.02"]
[PlyCount "173"]

1.d4 Nf6 2.c4 e6 3.Nf3 b6 4.g3 Bb7 5.Bg2 Be7 6.Nc3 O-O 7.Qc2 d5 8.cxd5 
exd5 9.O-O Nbd7 10.Rd1 Re8 11.Bf4 c6 12.Rac1 Nf8 13.Be5 Bb4 14.Bxf6 Qxf6 
15.e4 Rac8 16.e5 Qh6 17.Nh4 g6 18.f4 Ne6 19.Nf3 c5 20.Qb3 cxd4 21.Nxd5 
Bxd5 22.Qxd5 Rxc1 23.Rxc1 Rd8 24.Qc4 Qf8 25.a3 Be7 26.Bh3 Ng7 27.Rd1 b5 
28.Qxb5 Rb8 29.Qe2 Bc5 30.Kh1 Qd8 31.b4 Bb6 32.Nd2 Bc5 33.Qe4 Bb6 34.Qd3 
Ne6 35.Ne4 Rc8 36.f5 gxf5 37.Bxf5 Qd5 38.Qf3 Qxe5 39.Qg4+ Kh8 40.Qh5 Qg7 
41.Ng5 Nxg5 42.Bxc8 Qe5 43.Bb7 d3 44.h4 Qe7 45.Qxg5 Qxb7+ 46.Kh2 Qf3 47.
Rc1 Qe2+ 48.Kh3 Qe6+ 49.Qg4 f5 50.Qg5 h6 51.Qf4 Kh7 52.Rf1 d2 53.Qxd2 f4+ 
54.Kg2 Be3 55.Qd3+ Kg7 56.Qc3+ Kg8 57.Rf3 Qa2+ 58.Kh3 Qe6+ 59.Kg2 Qa2+ 60.
Kf1 Qb1+ 61.Qe1 Qd3+ 62.Qe2 Qxa3 63.Kg2 Qxb4 64.gxf4 Bd4 65.Qe6+ Kh7 66.
Qe4+ Kh8 67.Rg3 Qb2+ 68.Kh3 Bg7 69.Qe8+ Kh7 70.Qg6+ Kh8 71.Re3 Qb4 72.Re8+
Bf8 73.Qf6+ Kg8 74.Re3 Qb7 75.Qe6+ Kh8 76.Qe4 Qd7+ 77.f5 Qd1 78.Qf3 Qa1 
79.Re8 Qf6 80.Qe4 Qc3+ 81.Qe3 Qxe3+ 82.Rxe3 Kg7 83.Re6 a5 84.Ra6 Bb4 85.
Kg4 Be1 86.f6+ Kf7 87.h5 1-0

[Event "50th World U20 ch"]
[Site "Chennai IND"]
[Date "2011.08.12"]
[Round "10.52"]
[White "Abhilash Reddy, M. L."]
[Black "Navalgund, Niranjan"]
[Result "1/2-1/2"]
[WhiteElo "2109"]
[BlackElo "2188"]
[EventDate "2011.08.02"]
[PlyCount "100"]

1.d4 Nf6 2.Nf3 g6 3.g3 Bg7 4.Bg2 c5 5.d5 O-O 6.O-O d6 7.Nc3 Na6 8.e4 b5 9.
e5 Ne8 10.Nxb5 dxe5 11.a4 Bb7 12.c4 Nd6 13.Qe2 f6 14.Be3 Nf5 15.Nd2 Nd4 
16.Bxd4 cxd4 17.f4 Qb6 18.Kh1 Nb4 19.fxe5 fxe5 20.Ne4 a6 21.Na3 Qa5 22.Qd2
Rxf1+ 23.Rxf1 Rb8 24.b3 Bc8 25.h3 Qd8 26.g4 e6 27.dxe6 Bxe6 28.Nc5 Bf7 29.
Ne4 Qe7 30.Nc2 Nc6 31.Rf3 Nd8 32.Qa5 Ne6 33.Qxa6 Nf4 34.Nxd4 exd4 35.Rxf4 
Rxb3 36.Qc8+ Bf8 37.Rf1 d3 38.Nf6+ Kg7 39.Ne4 Rb2 40.Qc6 Rc2 41.Qb6 Qe5 
42.Qb5 Qxb5 43.cxb5 Bd5 44.a5 Rxg2 45.Kxg2 Bxe4+ 46.Kf2 Bc5+ 47.Kg3 Bd6+ 
48.Kf2 Bc5+ 49.Kg3 Bd6+ 50.Kf2 Bc5+ 1/2-1/2

[Event "50th World U20 ch"]
[Site "Chennai IND"]
[Date "2011.08.12"]
[Round "10.53"]
[White "Chaithanyaa, K. G."]
[Black "Jefic, Srdan"]
[Result "1-0"]
[WhiteElo "2088"]
[BlackElo "2143"]
[EventDate "2011.08.02"]
[PlyCount "39"]

1.e4 d5 2.exd5 Qxd5 3.Nf3 Bg4 4.Be2 Nc6 5.d4 O-O-O 6.c4 Qf5 7.Be3 e5 8.d5 
Bb4+ 9.Nbd2 Bxd2+ 10.Bxd2 Nce7 11.O-O Nf6 12.Nxe5 Qxe5 13.Bxg4+ Nxg4 14.
Qxg4+ f5 15.Qf3 Qxb2 16.Bg5 Rd7 17.Qe3 Ng6 18.Qxa7 Rd6 19.Rab1 Qc3 20.Rxb7
1-0